Tribunal Suprem de Justícia : consells de guerra sumaríssims consells de guerra sumaríssims
Descripción Física:
8 p. ; 22 cm
MARC
| LEADER | 00000nam a2200000Ia 4500 | ||
|---|---|---|---|
| 001 | 15922 | ||
| 008 | 160829s1926 xx 000 0 cat d | ||
| 080 | |a RF-12-51 | ||
| 100 | |a Catalunya. Govern provisional |9 39103 | ||
| 245 | |a Tribunal Suprem de Justícia : |b consells de guerra sumaríssims | ||
| 260 | |a [Barcelona] : |b Publicacions de l'Estat català, |c 1926 | ||
| 300 | |a 8 p. ; |c 22 cm | ||
| 590 | |a Abans del títol: Govern provisional de Catalunya | ||
| 650 | |a Tribunals superiors de justícia |x Catalunya |9 39107 | ||
| 650 | |a Consells de guerra |9 30084 | ||
| 856 | 4 | |u https://media.diba.cat/diba/fitxers/arxiu/fulletons/bib_15922_1926_baixa.pdf |y Accés lliure | |
| 856 | 4 | |u https://media.diba.cat/diba/fitxers/arxiu/fulletons/bib_15922_1926_baixa.pdf |y Accés lliure | |
| 901 | |a Arxiu | ||
| 942 | |n 1 |2 udc | ||
| 952 | |0 0 |1 0 |4 0 |6 RF1251 |7 1 |9 48803 |a Arxiu |b Arxiu |d 2016-12-01 |l 0 |o RF-12-51 |p 15922 |r 2016-12-01 00:00:00 |w 2016-12-01 |y ARXIU | ||
| 999 | |c 52636 |d 52636 | ||
| 900 | |a bib_15922_1926_baixa.pdf | ||